000 00734nam a2200253Ia 4500
003 OSt
005 20220918173809.0
006 a|||||r|||| 00| 0
007 ta
008 220917b |||||||| |||| 00| 0 eng d
024 _a8,299
037 _cTextual
040 _aARTS
_cARTS
_beng
041 _2eng
_aeng
082 _a24(A).3.N7, L1 (2)
100 _aPresanis Alexandra
_947441
245 0 _aDistribution of sientific and technical libraries and users in Great Britain
260 _aLondon
_bAslib
_c1971
300 _a32p
_ccm.
490 _aAslib occasional publication; 6
650 _aLIBRARY SCIENCE
942 _h24(A).3.N7, L1 (2)
_cTEXL
_2CC
999 _c150087
_d150087